000 00977cam a22003015i 4500
999 _c28626
_d28597
001 008386071
003 EG-ScBUE
005 20200831123723.0
008 040120s2003 maua f 001 0 eng d
020 _a9798181473379
040 _aDLC
_beng
_erda
_cDLC
_dUk
_dEG-ScBUE
082 0 4 _a604.7
_bECK
_222
100 1 0 _aEckhoff, Rolf K.,
_eauthor.
245 1 0 _aDust explosions in the process industries /
_cRolf K. Eckhoff.
250 _aThird edition.
264 1 _aBoston :
_bGulf Professional Pub.,
_c2003.
300 _axxi, 719 pages, [4] pages of plates :
_billustrations ;
_c24 cm
336 _atext
_btxt
_2rdacontent
337 _aunmediated
_bn
_2rdamedia
338 _avolume
_bnc
_2rdacarrier
500 _aPrevious ed.: 1997.
504 _aIncludes bibliographical references and index.
650 7 _aDust explosions.
_2BUEsh
650 7 _aFire prevention.
_2BUEsh
650 7 _aIndustrial accidents.
_2BUEsh
653 _bENGGEN
_cAugust2020
942 _2ddc
_cBB